[Event "?"]
[Site "?"]
[Date "????.??.??"]
[Round "?"]
[White "Alter, H."]
[Black "Bodach, H."]
[Result "0-1"]
[WhiteElo "1882"]
[BlackElo "2103"]
[PlyCount "58"]
[EventDate "2010.??.??"]
[WhiteTeam "Saxone/1911-BSW"]
[BlackTeam "SV Dresden-Leuben"]

1. d4 Nf6 2. c4 e6 3. e3 b6 4. f4 Bb7 5. Nf3 Ne4 6. Bd3 Bb4+ 7. Bd2 Nxd2 8.
Nbxd2 f5 9. a3 Bxd2+ 10. Qxd2 O-O 11. O-O-O Qe7 12. h4 d6 13. h5 Nd7 14. h6 g6
15. Bc2 Rad8 16. Rhe1 Nf6 17. Ng5 d5 18. Qe2 c5 19. Rd2 Ba6 20. Bd3 Ne4 21.
cxd5 Bxd3 22. Rxd3 Nxg5 23. fxg5 c4 24. Rc3 exd5 25. g4 Qxg5 26. gxf5 Rxf5 27.
Rh1 Rdf8 28. Kb1 Rf2 29. Qe1 Qg2 0-1

[Event "?"]
[Site "?"]
[Date "????.??.??"]
[Round "?"]
[White "Böhm, E."]
[Black "Morgner, S."]
[Result "1-0"]
[WhiteElo "2228"]
[BlackElo "1870"]
[PlyCount "63"]
[EventDate "2010.??.??"]
[WhiteTeam "SV Dresden-Leuben"]
[BlackTeam "Saxone/1911-BSW"]

1. e4 d6 2. Nc3 g6 3. g3 Bg7 4. Bg2 c5 5. d3 Nc6 6. Be3 e6 7. Qd2 h5 8. h3 Nd4
9. Nd1 Rb8 10. c3 Nc6 11. Ne2 b5 12. d4 c4 13. d5 Ne5 14. Nc1 exd5 15. exd5 Bf5
16. f4 Nd3+ 17. Nxd3 Bxd3 18. Nf2 Bf5 19. O-O Rb7 20. Rae1 Kf8 21. Bd4 Nf6 22.
Re3 Re7 23. Rfe1 Rxe3 24. Rxe3 Qd7 25. Qe2 Rg8 26. Kh2 Rh8 27. Bf3 Rh7 28. Kg2
Rh8 29. b3 cxb3 30. axb3 Rg8 31. Qa2 Ne8 32. Qa6 1-0

[Event "?"]
[Site "?"]
[Date "????.??.??"]
[Round "?"]
[White "Kendall, P."]
[Black "Standal, B."]
[Result "1/2-1/2"]
[WhiteElo "2069"]
[BlackElo "1919"]
[PlyCount "42"]
[EventDate "2010.??.??"]
[WhiteTeam "England 2"]
[BlackTeam "Norwegen 3"]

1. e4 c5 2. Nc3 d6 3. f4 g6 4. Bb5+ Bd7 5. a4 a6 6. Bxd7+ Nxd7 7. Nf3 Bg7 8.
O-O e6 9. Qe1 Ne7 10. d3 O-O 11. Qh4 Nc6 12. Qh3 Nd4 13. Nxd4 Bxd4+ 14. Kh1 f5
15. Bd2 Bg7 16. Rae1 Nf6 17. Qf3 d5 18. exf5 exf5 19. Re5 d4 20. Nd5 Nxd5 21.
Rxd5 Qc7 1/2-1/2

[Event "?"]
[Site "?"]
[Date "????.??.??"]
[Round "?"]
[White "Ovesen, K."]
[Black "Wilson, P."]
[Result "1/2-1/2"]
[WhiteElo "1883"]
[BlackElo "1995"]
[PlyCount "50"]
[EventDate "2010.??.??"]
[WhiteTeam "Norwegen 3"]
[BlackTeam "England 2"]

1. d4 f5 2. Nf3 e6 3. Bg5 Nf6 4. e3 d5 5. Nbd2 Be7 6. Ne5 O-O 7. Bd3 Ne4 8.
Bxe7 Qxe7 9. O-O Nxd2 10. Qxd2 Nd7 11. f4 Nxe5 12. fxe5 Bd7 13. Rf2 Kh8 14. Qe2
Qg5 15. Raf1 Be8 16. Rf4 Qh5 17. g4 Qg5 18. Kh1 g6 19. e4 dxe4 20. Bxe4 c6 21.
gxf5 gxf5 22. Qf2 Bg6 23. Rg1 Qe7 24. Rg3 Rg8 25. Rh4 Rg7 1/2-1/2

[Event "?"]
[Site "?"]
[Date "????.??.??"]
[Round "?"]
[White "Pemberton, C."]
[Black "Wicklund-Hansen, R."]
[Result "0-1"]
[WhiteElo "1897"]
[BlackElo "1893"]
[PlyCount "80"]
[EventDate "2010.??.??"]
[WhiteTeam "England 2"]
[BlackTeam "Norwegen 3"]

1. e4 e5 2. d4 exd4 3. Nf3 g6 4. Bc4 Nc6 5. O-O Bg7 6. c3 dxc3 7. bxc3 d6 8.
Qb3 Qe7 9. Ba3 Nf6 10. e5 Nxe5 11. Nxe5 Qxe5 12. Bxf7+ Kd8 13. Nd2 Ng4 14. Nf3
Qxc3 15. Rab1 Qxb3 16. Rxb3 Rf8 17. Bd5 c6 18. Bc4 c5 19. Bd5 Rb8 20. Ng5 Bd4
21. Ne4 Kc7 22. Bb2 Bxb2 23. Rxb2 Nf6 24. Nxf6 Rxf6 25. Re1 Rf5 26. Bg8 Re5 27.
Rxe5 dxe5 28. Bxh7 Bf5 29. g4 Bd3 30. h4 Rh8 31. Bxg6 Bxg6 32. h5 Bxh5 33. gxh5
Rxh5 34. Kf1 Kc6 35. Ke2 Rh4 36. Kd3 b5 37. Re2 Rd4+ 38. Kc3 Kd5 39. Kb3 Rd3+
40. Kb2 a5 0-1

[Event "?"]
[Site "?"]
[Date "????.??.??"]
[Round "?"]
[White "Ludvigsen, J."]
[Black "Scowen, R."]
[Result "1/2-1/2"]
[WhiteElo "1821"]
[BlackElo "1990"]
[PlyCount "94"]
[EventDate "2010.??.??"]
[WhiteTeam "Norwegen 3"]
[BlackTeam "England 2"]

1. e4 c6 2. Nc3 d5 3. Nf3 d4 4. Ne2 c5 5. Ng3 g6 6. Bc4 Nc6 7. O-O Bg7 8. a4
Nf6 9. d3 Bg4 10. h3 Bxf3 11. Qxf3 Ne5 12. Bb5+ Nfd7 13. Qe2 a6 14. Bxd7+ Nxd7
15. f4 O-O 16. e5 f5 17. Re1 Nb6 18. Nf1 Nd5 19. Nh2 b5 20. Qf2 e6 21. Nf3 Qd7
22. axb5 axb5 23. Bd2 Ra7 24. Rxa7 Qxa7 25. Ng5 Nc7 26. Qh4 h6 27. Nf3 Nd5 28.
Qg3 Kh7 29. Nh4 Ne7 30. Nf3 Ra8 31. Qh4 Nd5 32. Ng5+ Kg8 33. Nxe6 Qb6 34. Nxg7
Kxg7 35. Qg3 Qe6 36. h4 h5 37. Qf3 Ra2 38. Rb1 b4 39. Qd1 Qa6 40. Qf1 Kf7 41.
Kf2 Ke6 42. g3 Qa4 43. Qd1 Kf7 44. Kf3 Qa8 45. Kf2 Qa4 46. Kf3 Qa8 47. Kf2 Qa4
1/2-1/2

[Event "?"]
[Site "?"]
[Date "????.??.??"]
[Round "?"]
[White "Lahti, J."]
[Black "Kanibalotzka, E."]
[Result "1-0"]
[WhiteElo "2020"]
[BlackElo "1826"]
[PlyCount "109"]
[EventDate "2010.??.??"]
[WhiteTeam "Botnia"]
[BlackTeam "Senioren Dresden 1"]

1. d4 Nf6 2. c4 g6 3. Nc3 Bg7 4. e4 d6 5. Nf3 O-O 6. h3 c6 7. Be2 Nbd7 8. O-O
a6 9. Be3 Qc7 10. Rc1 e5 11. dxe5 dxe5 12. Nd2 Re8 13. c5 b5 14. cxb6 Nxb6 15.
f4 exf4 16. Bxf4 Qe7 17. Be3 Nbd5 18. Nxd5 cxd5 19. Bc5 Qe5 20. Nf3 Qxe4 21.
Bd3 Qf4 22. b4 Bd7 23. Rc2 Bb5 24. Rcf2 Ne4 25. Bxe4 dxe4 26. Nd4 Bxd4 27. Bxd4
Qg3 28. Rxf7 Re5 29. Bxe5 Qxe5 30. Qb3 Qd4+ 31. R7f2+ Bc4 32. Qd1 Qxd1 33. Rxd1
Re8 34. Re1 Bd3 35. Rd2 Rf8 36. Rf2 Rc8 37. Rb2 Kf7 38. Kf2 Ke6 39. Ke3 Rc4 40.
a4 Ke5 41. b5 axb5 42. axb5 Rc7 43. b6 Rb7 44. Ra1 Kd5 45. Ra7 Kc6 46. Rb4 h6
47. Rxb7 Kxb7 48. Rxe4 Bxe4 49. Kxe4 Kxb6 50. Ke5 Kc5 51. Kf6 g5 52. Kg6 g4 53.
hxg4 Kd5 54. Kxh6 Ke6 55. g5 1-0

[Event "?"]
[Site "?"]
[Date "????.??.??"]
[Round "?"]
[White "Rühle, H."]
[Black "Rantanen, V."]
[Result "1/2-1/2"]
[WhiteElo "1639"]
[BlackElo "2004"]
[PlyCount "102"]
[EventDate "2010.??.??"]
[WhiteTeam "Senioren Dresden 1"]
[BlackTeam "Botnia"]

1. d4 Nf6 2. c4 g6 3. Nc3 d5 4. Nf3 Bg7 5. cxd5 Nxd5 6. e4 Nxc3 7. bxc3 c5 8.
Be3 Qa5 9. Bd2 O-O 10. Qb3 Qc7 11. Rc1 Nc6 12. Be2 Na5 13. Qa3 c4 14. Bg5 Re8
15. Nd2 b5 16. Bh4 Nc6 17. Qc5 Qb6 18. Qxb6 axb6 19. d5 Ne5 20. Rc2 Nd3+ 21.
Kd1 Bd7 22. Nb1 b4 23. cxb4 Ba4 24. a3 Bb2 25. Kd2 Bxc2 26. Kxc2 Bxa3 27. Kc3
Bb2+ 28. Kxc4 Ne5+ 29. Kb3 Bd4 30. Rd1 Ra1 31. f4 g5 32. Rxd4 gxh4 33. Kb2 Rea8
34. Nc3 Ng6 35. e5 Rg1 36. Bf3 Rd8 37. h3 Nf8 38. Rc4 Ng6 39. Rd4 Re1 40. Na4
Rb8 41. d6 exd6 42. exd6 Kf8 43. d7 Ke7 44. Bc6 Nf8 45. f5 Re5 46. b5 Rxf5 47.
Nxb6 Ne6 48. Nc8+ Kd8 49. Rxh4 Rfxb5+ 50. Bxb5 Rxb5+ 51. Kc3 Kxd7 1/2-1/2

[Event "?"]
[Site "?"]
[Date "????.??.??"]
[Round "?"]
[White "Runonen, R."]
[Black "Frenzel, L."]
[Result "1-0"]
[WhiteElo "1782"]
[BlackElo "1821"]
[PlyCount "75"]
[EventDate "2010.??.??"]
[WhiteTeam "Botnia"]
[BlackTeam "Senioren Dresden 1"]

1. e4 c5 2. d4 cxd4 3. c3 dxc3 4. Nxc3 Nc6 5. Bb5 a6 6. Ba4 b5 7. Bb3 e6 8. Nf3
Be7 9. O-O d6 10. Qe2 Nf6 11. Bg5 O-O 12. Rfd1 Qc7 13. Rac1 Bb7 14. Qd2 Rad8
15. Bxf6 Bxf6 16. Nd5 exd5 17. exd5 Qa5 18. dxc6 Qxd2 19. Rxd2 Bc8 20. Rcd1
Rfe8 21. Rxd6 Rxd6 22. Rxd6 Bxb2 23. c7 Kf8 24. h3 h6 25. Rd2 Bc1 26. Rd4 Re7
27. Rd8+ Re8 28. Ne5 Bf4 29. Bxf7 Bxe5 30. Rxe8+ Kxf7 31. Rxe5 Bd7 32. f4 g6
33. Kf2 a5 34. Rxb5 Ke7 35. Rxa5 Kd6 36. Ra6+ Kxc7 37. Rxg6 h5 38. Rg7 1-0

[Event "?"]
[Site "?"]
[Date "????.??.??"]
[Round "?"]
[White "Svensson, S."]
[Black "Flockhart, H."]
[Result "1-0"]
[WhiteElo "2004"]
[BlackElo "1871"]
[PlyCount "83"]
[EventDate "2010.??.??"]
[WhiteTeam "Schweden 4"]
[BlackTeam "Schottland 2"]

1. d4 Nf6 2. c4 c5 3. d5 b5 4. cxb5 a6 5. f3 e6 6. e4 d6 7. Nc3 Nbd7 8. a4 Bb7
9. Nh3 exd5 10. exd5 Be7 11. bxa6 Bc8 12. Bb5 O-O 13. O-O Bxa6 14. Nf2 Nb6 15.
Bxa6 Rxa6 16. Re1 Re8 17. Nfe4 Ra8 18. a5 Nbd7 19. Qa4 Ne5 20. Rd1 Qd7 21. Bf4
Qxa4 22. Rxa4 Nfd7 23. Nb5 Reb8 24. Nexd6 Bxd6 25. Nxd6 Rxb2 26. Ne4 f5 27.
Bxe5 Nxe5 28. Nxc5 Rb5 29. Ne6 Raxa5 30. Rxa5 Rxa5 31. d6 Nd7 32. Nc7 Kf7 33.
f4 Ra2 34. Re1 Nc5 35. Re7+ Kf6 36. Ne8+ Kg6 37. Rxg7+ Kh6 38. h3 Rd2 39. Rf7
Rd5 40. Kh2 Ne4 41. Re7 Nc5 42. Rxh7+ 1-0

[Event "?"]
[Site "?"]
[Date "????.??.??"]
[Round "?"]
[White "Murphy, G."]
[Black "Nordenström, S."]
[Result "1/2-1/2"]
[WhiteElo "1685"]
[BlackElo "1961"]
[PlyCount "79"]
[EventDate "2010.??.??"]
[WhiteTeam "Schottland 2"]
[BlackTeam "Schweden 4"]

1. Nf3 d5 2. c4 d4 3. d3 c5 4. g3 Nc6 5. Bg2 e5 6. O-O Nf6 7. Na3 Be7 8. Nc2
O-O 9. b3 h6 10. a3 a5 11. Rb1 Be6 12. Bd2 e4 13. Nfe1 exd3 14. exd3 Bg4 15. f3
Bf5 16. b4 axb4 17. axb4 Qd7 18. bxc5 Bxc5 19. Rb5 b6 20. f4 Rac8 21. Bb4 Nxb4
22. Nxb4 Ng4 23. Nbc2 Rfe8 24. Bd5 Ne3 25. Nxe3 dxe3 26. Qe2 Rcd8 27. Nf3 Qe7
28. d4 Bd7 29. Rb3 Bd6 30. Ne5 Bxe5 31. fxe5 Be6 32. Bc6 Rxd4 33. Bxe8 Qxe8 34.
Qxe3 Rxc4 35. Rxb6 Qc8 36. Rfb1 Qc5 37. Rb8+ Kh7 38. Qxc5 Rxc5 39. Re1 Rc2 40.
Rd8 1/2-1/2

[Event "?"]
[Site "?"]
[Date "????.??.??"]
[Round "?"]
[White "Wiman, K."]
[Black "Macgilchrist, S."]
[Result "1-0"]
[WhiteElo "1993"]
[BlackElo "1817"]
[PlyCount "135"]
[EventDate "2010.??.??"]
[WhiteTeam "Schweden 4"]
[BlackTeam "Schottland 2"]

1. d4 Nf6 2. Nc3 e6 3. e4 Bb4 4. e5 Ne4 5. Qf3 Nxc3 6. bxc3 Be7 7. Bd3 O-O 8.
Qh5 g6 9. Qh6 d6 10. Nf3 dxe5 11. dxe5 Qd5 12. O-O Re8 13. c4 Qa5 14. Bd2 Qc5
15. Rab1 Bf8 16. Qf4 Nc6 17. Rb5 Qe7 18. Qe4 a6 19. Rb3 Bg7 20. h4 Qc5 21. Re1
Qf8 22. h5 Bh6 23. Bxh6 Qxh6 24. hxg6 hxg6 25. Nh2 Kg7 26. Ng4 Qg5 27. Bf1 Rh8
28. Rg3 Qf5 29. Bd3 Qxe4 30. Bxe4 Na5 31. Bd3 Bd7 32. Nf6 Bc6 33. Rg4 Rh6 34.
f3 Rah8 35. Kf2 Rh4 36. Kg3 Rh1 37. Rxh1 Rxh1 38. Rh4 Rxh4 39. Kxh4 Kf8 40. Kg5
Ba4 41. Kf4 Ke7 42. Ke3 Nc6 43. f4 Nb4 44. Kd2 Nxd3 45. cxd3 Bc6 46. g3 b6 47.
Kc3 Bb7 48. d4 c6 49. Ne4 c5 50. Nd6 cxd4+ 51. Kxd4 Bg2 52. Nc8+ Kd8 53. Nxb6
Kc7 54. Na4 Bc6 55. Nc3 Kb6 56. Ne4 Ba4 57. Nd6 Bc2 58. Nxf7 Bb1 59. a3 Bf5 60.
Nd6 Bg4 61. c5+ Ka5 62. a4 Bd1 63. Nb7+ Kb4 64. c6 Bxa4 65. Nd8 a5 66. g4 Bxc6
67. Nxc6+ Kb5 68. Nxa5 1-0

[Event "?"]
[Site "?"]
[Date "????.??.??"]
[Round "?"]
[White "Macrae, J."]
[Black "Gumesson, I."]
[Result "0-1"]
[WhiteElo "1753"]
[BlackElo "1863"]
[PlyCount "136"]
[EventDate "2010.??.??"]
[WhiteTeam "Schottland 2"]
[BlackTeam "Schweden 4"]

1. d4 Nf6 2. Nf3 e6 3. Bg5 c5 4. e3 Be7 5. Bd3 Nc6 6. c3 b6 7. Nbd2 Bb7 8. O-O
O-O 9. Qe2 cxd4 10. exd4 Nd5 11. Bxe7 Qxe7 12. g3 f5 13. Rae1 Rae8 14. c4 Ndb4
15. Bb1 Qf6 16. Nb3 a5 17. a3 Na6 18. Qd3 Nc7 19. Rd1 Ba6 20. Qc2 Rc8 21. Rfe1
Bb7 22. Rd3 Ne7 23. Nbd2 d6 24. Qb3 Be4 25. Rde3 Rb8 26. Nxe4 fxe4 27. Bxe4 Nf5
28. Bxf5 Qxf5 29. Kg2 Kh8 30. R1e2 h6 31. Nd2 Qg4 32. Qd3 d5 33. h3 Qh5 34. Nf3
Rf6 35. Ne5 Qe8 36. Rf3 dxc4 37. Nxc4 Qc6 38. Ne5 Qe8 39. Rxf6 gxf6 40. Ng4 Kg7
41. Qe3 Qg6 42. Qf4 Rc8 43. Qd6 Qf7 44. Qxb6 Nd5 45. Qxa5 Qb7 46. f3 h5 47. Nf2
Kf7 48. Qd2 Rg8 49. Qh6 Qc7 50. Qxh5+ Rg6 51. Ng4 Kg7 52. Kf2 Qb6 53. Rd2 Qa5
54. Ke2 Nf4+ 55. gxf4 Qxh5 56. Nf2 Qb5+ 57. Ke3 Rg2 58. Re2 e5 59. fxe5 fxe5
60. dxe5 Qc5+ 61. Kd3 Qb5+ 62. Ke3 Qc5+ 63. Kd3 Rxf2 64. Rxf2 Qxf2 65. Ke4 Qxb2
66. Kd5 Kf7 67. f4 Qb3+ 68. Ke4 Qxh3 0-1

[Event "?"]
[Site "?"]
[Date "????.??.??"]
[Round "?"]
[White "Perk, E."]
[Black "Bjorgvik, J."]
[Result "1/2-1/2"]
[WhiteElo "2051"]
[BlackElo "1921"]
[PlyCount "116"]
[EventDate "2010.??.??"]
[WhiteTeam "Widukind 2"]
[BlackTeam "Trondergutan"]

1. d4 d5 2. c4 e6 3. e3 Nf6 4. Nf3 Bb4+ 5. Bd2 Qe7 6. Bd3 O-O 7. O-O Bxd2 8.
Nbxd2 dxc4 9. Nxc4 Rd8 10. Qc2 h6 11. Nce5 c6 12. a3 Nbd7 13. b4 Nxe5 14. Nxe5
Nd7 15. f4 Nxe5 16. fxe5 Rf8 17. Rf3 Bd7 18. Qc3 f6 19. exf6 Rxf6 20. Rxf6 Qxf6
21. Qc5 Qg5 22. Qxg5 hxg5 23. Kf2 a5 24. bxa5 Rxa5 25. Kg3 b5 26. Bc2 Kf7 27.
e4 Ke7 28. Kf3 Kd6 29. Bb3 e5 30. dxe5+ Kxe5 31. a4 c5 32. Rd1 Be8 33. Rd5+ Kf6
34. Rxc5 Ra7 35. e5+ Ke7 36. Kg4 bxa4 37. Ba2 Rb7 38. Bd5 Rb2 39. Ra5 Re2 40.
Bf3 Re1 41. Kxg5 a3 42. Kf4 Ra1 43. Ra7+ Kf8 44. e6 a2 45. e7+ Kf7 46. Bd5+ Kf6
47. Rxa2 Rxa2 48. Bxa2 Kxe7 49. Kg5 Kf8 50. h4 Ke7 51. g4 Bd7 52. Bg8 Kf8 53.
Bh7 g6 54. Bxg6 Bxg4 55. Kxg4 Kg7 56. Kg5 Kh8 57. Bf5 Kg7 58. h5 Kh8 1/2-1/2

[Event "?"]
[Site "?"]
[Date "????.??.??"]
[Round "?"]
[White "Gabrielsen, O."]
[Black "Goerden, H."]
[Result "1/2-1/2"]
[WhiteElo "1788"]
[BlackElo "1835"]
[PlyCount "47"]
[EventDate "2010.??.??"]
[WhiteTeam "Trondergutan"]
[BlackTeam "Widukind 2"]

1. e4 e5 2. f4 exf4 3. Nf3 Be7 4. Bc4 Nf6 5. e5 Ng4 6. O-O Nc6 7. d4 d5 8. Be2
Ne3 9. Bxe3 fxe3 10. c3 O-O 11. Qd3 Bg5 12. Nxg5 Qxg5 13. Rf3 Ne7 14. Qxe3
Qxe3+ 15. Rxe3 Nf5 16. Rf3 f6 17. exf6 Rxf6 18. Nd2 Bd7 19. g4 Nd6 20. Rxf6
gxf6 21. Bf3 c6 22. Re1 Re8 23. Rxe8+ Bxe8 24. Kf2 1/2-1/2

[Event "?"]
[Site "?"]
[Date "????.??.??"]
[Round "?"]
[White "Kluger, H."]
[Black "Lovaas, T."]
[Result "1-0"]
[WhiteElo "1960"]
[BlackElo "1394"]
[PlyCount "115"]
[EventDate "2010.??.??"]
[WhiteTeam "Widukind 2"]
[BlackTeam "Trondergutan"]

1. d4 Nf6 2. c4 e6 3. Nf3 Bb4+ 4. Bd2 Qe7 5. Nc3 O-O 6. a3 Bxc3 7. Bxc3 b6 8.
Qc2 Bb7 9. Nd2 d5 10. e3 Nbd7 11. Be2 dxc4 12. Bxc4 Nd5 13. Bxd5 Bxd5 14. e4
Bb7 15. O-O c5 16. Rac1 Rac8 17. dxc5 Nxc5 18. b4 Nd7 19. Qb2 Nf6 20. f3 Nh5
21. g3 Rfd8 22. Bd4 Qg5 23. Rxc8 Bxc8 24. Kf2 Qb5 25. Qc3 Ba6 26. Re1 Qd3 27.
Qxd3 Bxd3 28. Ke3 Ba6 29. Rc1 Rc8 30. Rxc8+ Bxc8 31. e5 g6 32. Ne4 Ng7 33. Nf6+
Kh8 34. a4 Nf5+ 35. Kd3 Nxd4 36. Kxd4 Bb7 37. f4 Kg7 38. Ne8+ Kf8 39. Nd6 Bc6
40. a5 Bd7 41. axb6 axb6 42. Nc4 b5 43. Nd6 Ke7 44. Kc5 f6 45. h4 fxe5 46. fxe5
Kd8 47. Nxb5 Kc8 48. Nd6+ Kc7 49. g4 Ba4 50. g5 Kb8 51. Ne4 Bc2 52. Nf6 Kb7 53.
Nxh7 Bf5 54. Nf8 Kc7 55. b5 Kb7 56. b6 Kc8 57. Kd6 Kb7 58. Nxe6 1-0

[Event "?"]
[Site "?"]
[Date "????.??.??"]
[Round "?"]
[White "Johansen, B."]
[Black "Hentzschel, E."]
[Result "1/2-1/2"]
[WhiteElo "1630"]
[BlackElo "1947"]
[PlyCount "103"]
[EventDate "2010.??.??"]
[WhiteTeam "Trondergutan"]
[BlackTeam "Widukind 2"]

1. e4 e5 2. Nf3 Nc6 3. Nc3 Nf6 4. d4 exd4 5. Nxd4 Bb4 6. Nxc6 bxc6 7. Bg5 Qe7
8. Bd3 Qe5 9. Bxf6 Bxc3+ 10. bxc3 Qxf6 11. Qd2 O-O 12. O-O d6 13. Rab1 Re8 14.
c4 a5 15. a4 Re5 16. f4 Re8 17. Rf2 c5 18. Re1 Bb7 19. e5 Qh4 20. Qe3 Re6 21.
Be4 Bxe4 22. Qxe4 Rae8 23. Qf3 Qe7 24. Rfe2 h6 25. Qd5 dxe5 26. Rxe5 Qd6 27.
Kf1 Rxe5 28. Rxe5 Rxe5 29. fxe5 Qb6 30. Qd8+ Kh7 31. Qd3+ g6 32. Qb3 Kg7 33.
Kf2 Qe6 34. Qc3 Qf5+ 35. Kg1 Kh7 36. h3 Qe4 37. Kf1 Qf4+ 38. Ke2 Qe4+ 39. Kf2
h5 40. Kf1 h4 41. Kf2 Qf5+ 42. Ke2 Qf4 43. Ke1 Kh6 44. Qd2 Kg5 45. Qd8+ f6 46.
exf6 Qc1+ 47. Qd1 Qxd1+ 48. Kxd1 Kxf6 49. Ke2 Ke5 50. Ke3 Kf5 51. Kf3 g5 52. c3
1/2-1/2

[Event "?"]
[Site "?"]
[Date "????.??.??"]
[Round "?"]
[White "Harzer, P."]
[Black "Hauswald, G."]
[Result "1-0"]
[WhiteElo "2136"]
[BlackElo "1820"]
[PlyCount "47"]
[EventDate "2010.??.??"]
[WhiteTeam "BSW  Berlin/DBAG"]
[BlackTeam "Heidenau"]

1. f4 Nf6 2. Nf3 d6 3. Nc3 Bf5 4. d3 c5 5. e4 Bd7 6. g3 Nc6 7. Bg2 g6 8. O-O
Bg7 9. h3 Be6 10. Ng5 Bd7 11. Be3 e5 12. fxe5 Nxe5 13. d4 Nc4 14. Bf4 h6 15.
Nxf7 Kxf7 16. e5 dxe5 17. dxe5 g5 18. exf6 Bxf6 19. Bd5+ Be6 20. Bxe6+ Kxe6 21.
Qe2+ Ne5 22. Bxe5 Bxe5 23. Qc4+ Ke7 24. Rf7+ 1-0

[Event "?"]
[Site "?"]
[Date "????.??.??"]
[Round "?"]
[White "Mann, D."]
[Black "Rollwitz, J."]
[Result "1/2-1/2"]
[WhiteElo "1740"]
[BlackElo "1991"]
[PlyCount "78"]
[EventDate "2010.??.??"]
[WhiteTeam "Heidenau"]
[BlackTeam "BSW  Berlin/DBAG"]

1. e4 d6 2. d4 Nf6 3. Nc3 e5 4. dxe5 dxe5 5. Qxd8+ Kxd8 6. Bg5 Be6 7. O-O-O+
Nbd7 8. Nd5 Kc8 9. f3 c6 10. Nc3 h6 11. Be3 Kc7 12. Bd3 Nc5 13. Nge2 Be7 14.
Kb1 Rhd8 15. Nc1 Nfd7 16. Be2 Nb6 17. b3 f6 18. a4 Rxd1 19. Rxd1 Rd8 20. Rxd8
Kxd8 21. a5 Nc8 22. b4 Nd7 23. N3a2 Kc7 24. c3 b6 25. axb6+ axb6 26. Kb2 Nd6
27. Kc2 Nc4 28. Bf2 c5 29. bxc5 Bxc5 30. Bxc5 Nxc5 31. Bxc4 Bxc4 32. Kd2 b5 33.
Nb4 Kd6 34. Ke3 Ne6 35. g3 Nc5 36. Kd2 Ke6 37. Ke3 g6 38. f4 Kd6 39. Kd2 Nxe4+
1/2-1/2

[Event "?"]
[Site "?"]
[Date "????.??.??"]
[Round "?"]
[White "Fitzke, U."]
[Black "Lauterbach, E."]
[Result "1-0"]
[WhiteElo "2003"]
[BlackElo "1715"]
[PlyCount "31"]
[EventDate "2010.??.??"]
[WhiteTeam "BSW  Berlin/DBAG"]
[BlackTeam "Heidenau"]

1. d4 d5 2. c4 e6 3. Nc3 Nf6 4. Bg5 Be7 5. e3 Nbd7 6. Nf3 O-O 7. Bd3 c5 8. O-O
Ne8 9. Bf4 Bd6 10. Bg5 Be7 11. Bxe7 Qxe7 12. cxd5 exd5 13. Nxd5 Qd6 14. Nf4
Nef6 15. dxc5 Nxc5 16. Bxh7+ 1-0

[Event "?"]
[Site "?"]
[Date "????.??.??"]
[Round "?"]
[White "Weiß, H."]
[Black "Kaiser, H."]
[Result "0-1"]
[WhiteElo "1642"]
[BlackElo "1868"]
[PlyCount "120"]
[EventDate "2010.??.??"]
[WhiteTeam "Heidenau"]
[BlackTeam "BSW  Berlin/DBAG"]

1. f4 d5 2. Nf3 g6 3. d4 Bg7 4. e3 b6 5. c3 Nh6 6. Be2 O-O 7. O-O a5 8. a4 Ba6
9. Qe1 c5 10. Bxa6 Nxa6 11. Nbd2 e6 12. Qe2 Qc7 13. Ne5 f6 14. Ng4 Nxg4 15.
Qxg4 f5 16. Qe2 c4 17. Nf3 Nb8 18. Bd2 Nd7 19. Rab1 Qc6 20. Qd1 Rfb8 21. b3 b5
22. axb5 Rxb5 23. b4 axb4 24. Ra1 b3 25. Rxa8+ Qxa8 26. Qb1 Qa2 27. Qa1 Ra5 28.
Qxa2 Rxa2 29. Rb1 Nf6 30. Bc1 Ne4 31. Bb2 h6 32. h3 Bf8 33. Kh2 Ba3 34. Ba1 b2
35. Bxb2 Bxb2 36. Ne5 Nxc3 37. Rf1 Kg7 38. Nc6 Ba3 39. Nd8 Kf6 40. Nc6 Ne4 41.
Rb1 c3 42. Ne5 Bb2 43. Nd3 Ra1 44. Rxb2 cxb2 45. Nxb2 Re1 46. Na4 Rxe3 47. Nb6
Nc3 48. Nd7+ Kg7 49. Ne5 Ne2 50. Nf3 Nxf4 51. Ng1 Ne2 52. Nf3 Rxf3 53. gxf3
Nxd4 54. Kg2 e5 55. Kf2 Kf6 56. Kg2 Kg5 57. Kg3 f4+ 58. Kf2 Kh4 59. Kg2 e4 60.
fxe4 dxe4 0-1

[Event "?"]
[Site "?"]
[Date "????.??.??"]
[Round "?"]
[White "Waldmann, D."]
[Black "Kalmutzki, M."]
[Result "0-1"]
[WhiteElo "1557"]
[BlackElo "1954"]
[PlyCount "54"]
[EventDate "2010.??.??"]
[WhiteTeam "Senioren Dresden 2"]
[BlackTeam "Stiftg BSW/DBAG 4"]

1. e4 c5 2. Nf3 e6 3. d4 cxd4 4. Nxd4 Nf6 5. Nc3 d6 6. Bg5 Be7 7. Qd2 a6 8. Bc4
Qc7 9. Bb3 b5 10. a3 Nc6 11. Nxc6 Qxc6 12. f3 Bb7 13. O-O-O Rd8 14. Ne2 O-O 15.
h4 h6 16. Be3 d5 17. e5 Nd7 18. Nd4 Qc7 19. f4 Nc5 20. Ba2 Ne4 21. Qe1 Rc8 22.
Rd3 a5 23. Bb1 b4 24. a4 Ba6 25. Nb5 Bxb5 26. axb5 Qc4 27. Rb3 Qxb3 0-1

[Event "?"]
[Site "?"]
[Date "????.??.??"]
[Round "?"]
[White "Gafke, M."]
[Black "Höppner, K."]
[Result "1-0"]
[WhiteElo "1872"]
[BlackElo "1643"]
[PlyCount "49"]
[EventDate "2010.??.??"]
[WhiteTeam "Stiftg BSW/DBAG 4"]
[BlackTeam "Senioren Dresden 2"]

1. d4 d6 2. Bf4 g6 3. e3 Bg7 4. Bd3 b6 5. Nf3 Bb7 6. Nbd2 Nd7 7. c3 e5 8. dxe5
dxe5 9. Bg5 Ngf6 10. Ne4 h6 11. Bxf6 Bxf6 12. Qc2 O-O 13. O-O-O Qe7 14. h4 Bg7
15. g4 f5 16. Bc4+ Kh7 17. gxf5 Rxf5 18. Nfg5+ Rxg5 19. hxg5 h5 20. Bd5 c6 21.
Bc4 Rf8 22. Nd6 Ba8 23. Rxh5+ Bh6 24. Rxh6+ Kg7 25. Qxg6# 1-0

[Event "?"]
[Site "?"]
[Date "????.??.??"]
[Round "?"]
[White "Turikov, V."]
[Black "Haubt, G."]
[Result "0-1"]
[WhiteElo "2345"]
[BlackElo "2266"]
[Annotator "014"]
[PlyCount "206"]
[EventDate "2010.??.??"]
[WhiteTeam "St. Petersburg"]
[BlackTeam "Hessen 1"]

1. Nf3 Nc6 2. d4 d5 3. e3 Bg4 4. c4 e6 5. Nc3 Nf6 6. cxd5 exd5 7. Qb3 Bxf3 8.
gxf3 Rb8 9. Bd2 Be7 10. Rc1 Qd7 11. Na4 a6 12. Bg2 O-O 13. O-O Rfe8 14. Nc5
Bxc5 15. Rxc5 Nd8 16. Qd3 Ne6 17. Rc2 b6 18. b3 a5 19. Rfc1 Rec8 20. Bh3 Ra8
21. Rc6 a4 22. b4 Ne8 23. Qf5 Rd8 24. Qe5 Nxd4 25. Qh5 Qxc6 26. Rxc6 Nxc6 27.
Bc3 d4 28. exd4 Nxd4 29. Kg2 Ne2 30. Be5 Rd5 31. Qf5 Rad8 32. Qe4 Nd4 33. f4 c5
34. bxc5 bxc5 35. Qe3 Nc6 36. Qe2 Nxe5 37. fxe5 Nc7 38. Bf5 Ne6 39. Bxe6 fxe6
40. Qg4 Rxe5 41. Qxa4 h6 42. Qc2 Rc8 43. Qc4 Rd5 44. a4 Kf7 45. a5 Rd4 46. Qb5
Kf6 47. Qb7 Rdd8 48. a6 c4 49. a7 c3 50. Qf3+ Kg6 51. a8=Q Rxa8 52. Qxc3 Rf8
53. Qd3+ Rf5 54. Qe4 Re8 55. Qc6 Kf7 56. Qb7+ Re7 57. Qe4 Kg8 58. Qc4 Rf6 59.
Qc8+ Kh7 60. Qc2+ g6 61. Qe4 e5 62. f3 Rf5 63. Qb4 Ref7 64. Qe4 h5 65. Qe3 Rc7
66. Qd2 Rcf7 67. Qe3 R7f6 68. Qa7+ Kh6 69. Qe3+ Kh7 70. Qa7+ Rf7 71. Qe3 Rd7
72. Qc1 Rd3 73. Qc7+ Kh6 74. Qc1+ Rf4 75. Qc8 Rd2+ 76. Kg1 Rd1+ 77. Kg2 Rf5 78.
Qc2 Rd4 79. Qc1+ Rdf4 80. Qd2 h4 81. Qd8 h3+ 82. Kxh3 Rxf3+ 83. Kg2 Rf2+ 84.
Kg3 R2f3+ 85. Kg2 Rf6 86. Qd2+ R3f4 87. Qe3 R6f5 88. Qh3+ Kg7 89. Qd3 Rf2+ 90.
Kg1 Rf1+ 91. Kg2 R5f2+ 92. Kg3 Rf3+ 93. Qxf3 Rxf3+ 94. Kxf3 Kf6 95. Kg4 Ke6 96.
h4 Kf6 97. Kg3 Kf5 98. Kf3 e4+ 99. Kg3 Ke5 100. Kf2 Kf4 101. Ke2 Kg3 102. Ke3
Kxh4 103. Kxe4 Kg3 0-1

[Event "?"]
[Site "?"]
[Date "????.??.??"]
[Round "?"]
[White "Niebling, F."]
[Black "Karasev, V."]
[Result "0-1"]
[WhiteElo "2197"]
[BlackElo "2344"]
[Annotator "015"]
[PlyCount "118"]
[EventDate "2010.??.??"]
[WhiteTeam "Hessen 1"]
[BlackTeam "St. Petersburg"]

1. d4 b5 2. e4 Bb7 3. Bd3 e6 4. Nf3 c5 5. c3 cxd4 6. cxd4 Nf6 7. Qe2 a6 8. O-O
Be7 9. a4 bxa4 10. Nc3 O-O 11. Rxa4 d5 12. e5 Nfd7 13. Bd2 Nb6 14. Raa1 Nc4 15.
Bc1 Nc6 16. b3 Nb6 17. Ba3 Bxa3 18. Rxa3 Qe7 19. Rfa1 Rfc8 20. Na4 Nxa4 21.
Rxa4 Nb4 22. h4 Nxd3 23. Qxd3 h6 24. Qd2 Rc6 25. Rc1 Rxc1+ 26. Qxc1 Rc8 27. Qd2
Qc7 28. Ra5 Qc1+ 29. Qxc1 Rxc1+ 30. Kh2 Rb1 31. Ra3 Kf8 32. Kg3 Ke7 33. Kf4 Kd7
34. Nd2 Rd1 35. Ke3 Re1+ 36. Kf3 f6 37. exf6 gxf6 38. b4 e5 39. Nb3 Kc7 40. Ra2
Kb6 41. Nc5 Bc8 42. dxe5 fxe5 43. Rc2 Bf5 44. Ra2 Bc8 45. Rc2 Kb5 46. Ra2 d4
47. Kg3 Rb1 48. Re2 Rxb4 49. Rxe5 Kc4 50. Ne4 Bb7 51. Nd6+ Kd3 52. Nxb7 Rxb7
53. Re6 Ra7 54. Rxh6 a5 55. Rc6 a4 56. h5 a3 57. Rc1 a2 58. Ra1 Kc2 59. h6 Kb2
0-1